[Event "GER-ch U25 op-A"]
[Site "Oberhof"]
[Date "2013.05.25"]
[Round "9"]
[White "Von Reppert, Marc"]
[Black "Stark, Sven"]
[Result "1/2-1/2"]
[WhiteElo "1681"]
[BlackElo "1862"]
[PlyCount "40"]
[EventDate "2013.05.19"]
[EventType "swiss"]
[EventRounds "9"]
[EventCountry "GER"]
[SourceTitle "CBM 154 Extra"]
[Source "ChessBase"]
[SourceDate "2013.06.25"]
[SourceVersion "2"]
[SourceVersionDate "2013.06.25"]
[SourceQuality "1"]

1. d4 d5 2. c4 e6 3. Nf3 c6 4. e3 f5 5. Bd3 Nf6 6. b3 Bd6 7. 0-0 0-0 8. Nc3 Ne4 9. Ne2 Nd7 10. Bb2 Qf6 11. Ng3 Qh6 12. Qe2 Ndf6 13. Ne5 Bxe5 14. dxe5 Ng4 15. h3 Nxe3 16. Bc1 f4 17. Bxe3 fxe3 18. Bxe4 dxe4 19. fxe3 Bd7 20. Nxe4 Rf5 1/2-1/2

[Event "GER-ch U25 op-A"]
[Site "Oberhof"]
[Date "2013.05.19"]
[Round "1"]
[White "Von Reppert, Marc"]
[Black "Boehm, Malte"]
[Result "0-1"]
[WhiteElo "1681"]
[BlackElo "1992"]
[PlyCount "90"]
[EventDate "2013.05.19"]
[EventType "swiss"]
[EventRounds "9"]
[EventCountry "GER"]
[SourceTitle "CBM 154 Extra"]
[Source "ChessBase"]
[SourceDate "2013.06.25"]
[SourceVersion "2"]
[SourceVersionDate "2013.06.25"]
[SourceQuality "1"]

1. d4 Nf6 2. c4 g6 3. Nc3 Bg7 4. e4 d6 5. Be2 0-0 6. Bg5 c6 7. Nf3 h6 8. Be3 Nbd7 9. h3 e5 10. d5 c5 11. Qd2 Kh7 12. g4 Ne8 13. Bd3 Rh8 14. 0-0-0 a6 15. Nh2 Nc7 16. h4 b5 17. f4 exf4 18. Bxf4 Ne5 19. Bxe5 Bxe5 20. Rdf1 Rf8 21. g5 h5 22. Nf3 Bg7 23. Rf2 bxc4 24. Bxc4 Nb5 25. Re1 Nxc3 26. bxc3 Qa5 27. e5 Rb8 28. Bb3 c4 29. Bc2 Bg4 30. a4 Bxf3 31. Rxf3 Bxe5 32. Ref1 Kg7 33. Qf2 Qxd5 34. Bxg6 Kxg6 35. Rf6+ Kg7 36. g6 Rb1+ 37. Kxb1 Qd3+ 38. Ka2 Bxf6 39. Qxf6+ Kg8 40. gxf7+ Kh7 41. Rf2 Qd5 42. Rf5 Qd1 43. Rf2 Qb3+ 44. Ka1 Qa3+ 45. Kb1 Rb8+ 0-1

[Event "GER-ch U25 op-B"]
[Site "Oberhof"]
[Date "2012.06.02"]
[Round "9"]
[White "Von Reppert, Marc"]
[Black "Janke, Christopher"]
[Result "1/2-1/2"]
[WhiteElo "1468"]
[BlackElo "1589"]
[PlyCount "47"]
[EventDate "2012.05.27"]
[EventType "swiss"]
[EventRounds "9"]
[EventCountry "GER"]
[SourceTitle "CBM 148 Extra"]
[Source "ChessBase"]
[SourceDate "2012.06.22"]
[SourceVersion "1"]
[SourceVersionDate "2012.06.22"]
[SourceQuality "1"]

1. e4 e5 2. Nf3 d6 3. Nc3 f5 4. d3 Nf6 5. g3 Nc6 6. Bg2 Be7 7. 0-0 h6 8. Nh4 fxe4 9. Ng6 Rg8 10. Nxe4 Be6 11. f4 Qd7 12. Nxe7 Kxe7 13. Nxf6 gxf6 14. f5 Bf7 15. Bxc6 Qxc6 16. Bxh6 Rh8 17. Qd2 Rag8 18. Rf2 Qb5 19. c4 Qb6 20. Be3 Qc6 21. Rg2 b6 22. Rc1 Qd7 23. Qf2 b5 24. Re1 1/2-1/2

[Event "GER-chB U25"]
[Site "Oberhof"]
[Date "2011.06.12"]
[Round "2"]
[White "Von Reppert, Marc"]
[Black "Reyher, Susan"]
[Result "1-0"]
[WhiteElo "1438"]
[BlackElo "1320"]
[PlyCount "101"]
[EventDate "2011.06.11"]
[EventType "swiss"]
[EventRounds "9"]
[EventCountry "GER"]
[SourceTitle "CBM 142 Extra"]
[Source "ChessBase"]
[SourceDate "2011.06.27"]
[SourceVersion "1"]
[SourceVersionDate "2011.06.27"]
[SourceQuality "1"]

1. d4 d5 2. c4 dxc4 3. Nc3 Nf6 4. e4 e5 5. d5 c6 6. Bxc4 Bc5 7. Nf3 Bg4 8. Bg5 0-0 9. Qd3 Bd4 10. Nxd4 exd4 11. Qxd4 Nbd7 12. Bxf6 Qxf6 13. Qxf6 Nxf6 14. f3 Bh5 15. dxc6 bxc6 16. 0-0-0 Rab8 17. h4 h6 18. g4 Bg6 19. h5 Bh7 20. Rdg1 Rb4 21. b3 Nd7 22. f4 Nb6 23. a3 Rxc4 24. bxc4 Nxc4 25. f5 Nxa3 26. g5 hxg5 27. Rxg5 f6 28. Rg2 Rf7 29. Rhg1 Kh8 30. Na4 Nb5 31. Nc5 Nd4 32. Rd2 Nf3 33. Rd8+ Bg8 34. Rh1 Ng5 35. h6 Nh7 36. Rd7 a5 37. Rxf7 Bxf7 38. hxg7+ Kxg7 39. Ne6+ Kg8 40. Rg1+ Kh8 41. Nd8 Bc4 42. Nxc6 a4 43. Kb2 Bd3 44. e5 Bxf5 45. exf6 Bd7 46. f7 Nf8 47. Rg8+ Kh7 48. Rxf8 Be6 49. Rh8+ Kxh8 50. f8Q+ Bg8 51. Ne7 1-0

[Event "GER-ch U12"]
[Site "Oberhof"]
[Date "2010.05.28"]
[Round "9"]
[White "Nobis, Anna"]
[Black "Von Reppert, Marc"]
[Result "1-0"]
[WhiteElo "1428"]
[BlackElo "1321"]
[PlyCount "53"]
[EventDate "2010.05.22"]
[EventType "swiss"]
[EventRounds "11"]
[EventCountry "GER"]
[SourceTitle "CBM 136 Extra"]
[Source "ChessBase"]
[SourceDate "2010.07.02"]
[SourceVersion "2"]
[SourceVersionDate "2010.07.15"]
[SourceQuality "1"]

1. e4 e6 2. d4 d5 3. Nc3 Nf6 4. exd5 exd5 5. Bd3 c6 6. Nge2 Bg4 7. f3 Bh5 8. Bg5 Be7 9. Bf4 Bg6 10. Qd2 Bxd3 11. Qxd3 0-0 12. 0-0-0 Bd6 13. g4 b5 14. Rde1 Re8 15. Be3 Qa5 16. Kb1 b4 17. Nd1 Qb6 18. h4 a5 19. h5 a4 20. g5 Nfd7 21. g6 fxg6 22. hxg6 h6 23. Qd2 Qa7 24. Bxh6 Re7 25. Bf4 Bxf4 26. Qxf4 b3 27. Qh4 1-0

[Event "GER-ch U12"]
[Site "Oberhof"]
[Date "2010.05.26"]
[Round "7"]
[White "Roehlich, Philipp"]
[Black "Von Reppert, Marc"]
[Result "1/2-1/2"]
[WhiteElo "1690"]
[BlackElo "1321"]
[PlyCount "79"]
[EventDate "2010.05.22"]
[EventType "swiss"]
[EventRounds "11"]
[EventCountry "GER"]
[SourceTitle "CBM 136 Extra"]
[Source "ChessBase"]
[SourceDate "2010.07.02"]
[SourceVersion "2"]
[SourceVersionDate "2010.07.15"]
[SourceQuality "1"]

1. e4 e6 2. d4 d5 3. Nd2 Nf6 4. e5 Nfd7 5. f4 c5 6. c3 Nc6 7. Ne2 b6 8. Nf3 Ba6 9. Qa4 Bb7 10. Be3 Be7 11. g3 a6 12. a3 b5 13. Qc2 c4 14. Bg2 a5 15. 0-0 a4 16. h3 g6 17. Kh2 Qc7 18. Nc1 0-0-0 19. Na2 Rdg8 20. Nb4 h6 21. Rf2 Rg7 22. Raf1 Rhg8 23. Qc1 Qd8 24. Qd2 g5 25. fxg5 hxg5 26. Ng1 g4 27. Bf4 gxh3 28. Bxh3 Qe8 29. Rf3 Nd8 30. Kg2 Bg5 31. Kf2 Qe7 32. Ke1 Bxf4 33. Qxf4 Qg5 34. Qxg5 Rxg5 35. Ne2 Nf8 36. Rf6 R5g6 37. R1f3 Nh7 38. Rxg6 Rxg6 39. Rf1 Ng5 40. Bg2 1/2-1/2

[Event "GER-ch U12"]
[Site "Oberhof"]
[Date "2010.05.23"]
[Round "2"]
[White "Birnkraut, Tim"]
[Black "Von Reppert, Marc"]
[Result "1-0"]
[WhiteElo "1686"]
[BlackElo "1321"]
[PlyCount "95"]
[EventDate "2010.05.22"]
[EventType "swiss"]
[EventRounds "11"]
[EventCountry "GER"]
[SourceTitle "CBM 136 Extra"]
[Source "ChessBase"]
[SourceDate "2010.07.02"]
[SourceVersion "2"]
[SourceVersionDate "2010.07.15"]
[SourceQuality "1"]

1. e4 e6 2. d4 d5 3. Nd2 Nf6 4. e5 Nfd7 5. f4 c5 6. c3 Nc6 7. Ndf3 Be7 8. Bd3 Qa5 9. Kf2 Qb6 10. Ne2 Nf8 11. h4 Bd7 12. Rb1 c4 13. Bc2 f6 14. Kg3 fxe5 15. fxe5 0-0-0 16. Bg5 Re8 17. Rf1 h6 18. Bd2 Rg8 19. Nh2 Qd8 20. Nf3 g5 21. h5 g4 22. Nfg1 Bg5 23. Nf4 Bh4+ 24. Kh2 Bf2 25. g3 Bxg1+ 26. Kxg1 Qg5 27. Qe2 Qg7 28. Ng6 Nxg6 29. Bxg6 Ref8 30. Qxg4 Rf5 31. Bxf5 Qxg4 32. Bxg4 Rxg4 33. Kg2 Re4 34. Rbe1 Rg4 35. Rf4 Rg8 36. Ref1 Be8 37. Rf8 Rxf8 38. Rxf8 Kd7 39. g4 Ne7 40. Bxh6 b5 41. Bg5 a6 42. Rh8 a5 43. Rh7 Kd8 44. Rxe7 Bd7 45. Rxe6+ Kc8 46. Re7 Bxg4 47. h6 Bf5 48. h7 1-0

[Event "GER-ch U12"]
[Site "Oberhof"]
[Date "2010.05.23"]
[Round "1"]
[White "Kollars, Dmitrij"]
[Black "Von Reppert, Marc"]
[Result "1-0"]
[WhiteElo "1611"]
[BlackElo "1321"]
[PlyCount "37"]
[EventDate "2010.05.22"]
[EventType "swiss"]
[EventRounds "11"]
[EventCountry "GER"]
[SourceTitle "CBM 136 Extra"]
[Source "ChessBase"]
[SourceDate "2010.07.02"]
[SourceVersion "2"]
[SourceVersionDate "2010.07.15"]
[SourceQuality "1"]

1. e4 e6 2. d4 d5 3. Nc3 Nf6 4. e5 Nfd7 5. f4 Bb4 6. a3 Ba5 7. b4 Bb6 8. Nf3 a5 9. b5 c5 10. bxc6 bxc6 11. Bd3 Ba6 12. 0-0 0-0 13. Be3 c5 14. Bxh7+ Kxh7 15. Ng5+ Kg6 16. Qg4 f5 17. exf6 Nxf6 18. f5+ Kh6 19. Nxe6+ 1-0

[Event "GER-ch U10"]
[Site "Willingen"]
[Date "2009.06.05"]
[Round "9"]
[White "Hermann, Tobias"]
[Black "Von Reppert, Marc"]
[Result "1-0"]
[WhiteElo "1161"]
[BlackElo "1111"]
[PlyCount "61"]
[EventDate "2009.05.30"]
[EventType "swiss"]
[EventRounds "11"]
[EventCountry "GER"]
[SourceTitle "EXT 2010"]
[Source "ChessBase"]
[SourceDate "2010.11.25"]
[SourceVersion "1"]
[SourceVersionDate "2010.11.25"]
[SourceQuality "1"]

1. e4 e6 2. d4 d5 3. e5 c5 4. c3 Nc6 5. Nf3 Qb6 6. Bd3 cxd4 7. cxd4 Bd7 8. 0-0 Qc7 9. Nc3 Bb4 10. Bg5 Nge7 11. a3 Ba5 12. Nb5 Qb6 13. Nd6+ Kf8 14. b4 Bxb4 15. axb4 Nxd4 16. Be3 Nxf3+ 17. Qxf3 Qxd6 18. exd6 Nc8 19. Bf4 a6 20. b5 a5 21. Bc4 Nb6 22. Be2 f6 23. Be3 Nc8 24. Rfe1 Nxd6 25. Bc5 Ke7 26. Bxd6+ Kxd6 27. Qa3+ Ke5 28. Qg3+ Ke4 29. f3+ Ke3 30. Ra3+ Kd2 31. Qf2 1-0

[Event "GER-ch U10"]
[Site "Willingen"]
[Date "2009.06.05"]
[Round "10"]
[White "Waechter, Nathalie"]
[Black "Von Reppert, Marc"]
[Result "0-1"]
[WhiteElo "804"]
[BlackElo "1111"]
[PlyCount "82"]
[EventDate "2009.05.30"]
[EventType "swiss"]
[EventRounds "11"]
[EventCountry "GER"]
[SourceTitle "EXT 2010"]
[Source "ChessBase"]
[SourceDate "2010.11.25"]
[SourceVersion "1"]
[SourceVersionDate "2010.11.25"]
[SourceQuality "1"]

1. e4 e6 2. d4 d5 3. Nc3 Nf6 4. e5 Nfd7 5. Nf3 Bb4 6. Bd2 c5 7. a3 Ba5 8. dxc5 Nxc5 9. b4 Bb6 10. bxc5 Bxc5 11. Bd3 0-0 12. 0-0 Nc6 13. Ng5 h6 14. Qh5 Bd7 15. Nh7 Re8 16. Nf6+ gxf6 17. Qxh6 f5 18. Qh7+ Kxh7 19. Kh1 Nxe5 20. Be2 Rg8 21. f3 Qf6 22. f4 Qg6 23. Rg1 Bxg1 24. g3 Bd4 25. fxe5 Bxe5 26. Be3 Bxc3 27. Rg1 Bc6 28. Bf3 e5 29. g4 e4 30. Be2 fxg4 31. Rxg4 Qxg4 32. Bxg4 Rxg4 33. h3 Rg3 34. Bf2 Rag8 35. Bxg3 Rxg3 36. Kh2 Be5 37. h4 e3 38. h5 e2 39. h6 e1Q 40. c3 Qf2+ 41. Kh1 d4# 0-1

[Event "GER-ch U10"]
[Site "Willingen"]
[Date "2009.05.30"]
[Round "1"]
[White "Von Reppert, Marc"]
[Black "Scholz, Robert"]
[Result "0-1"]
[WhiteElo "1111"]
[BlackElo "1497"]
[PlyCount "124"]
[EventDate "2009.05.30"]
[EventType "swiss"]
[EventRounds "11"]
[EventCountry "GER"]
[SourceTitle "EXT 2010"]
[Source "ChessBase"]
[SourceDate "2010.11.25"]
[SourceVersion "1"]
[SourceVersionDate "2010.11.25"]
[SourceQuality "1"]

1. d4 d5 2. c4 dxc4 3. Nc3 e6 4. e3 Nf6 5. Bxc4 c5 6. Nf3 cxd4 7. Qxd4 Bd7 8. 0-0 Nc6 9. Qd3 Bc5 10. a3 a5 11. Bb5 0-0 12. Qc4 Ba7 13. Rd1 Qe7 14. e4 Rac8 15. Qd3 Rfd8 16. e5 Ng4 17. Be3 Bxe3 18. fxe3 Ngxe5 19. Qe4 Nxf3+ 20. Qxf3 h6 21. Bd3 Be8 22. Qe4 f5 23. Qf4 Qc7 24. Qc4 Bf7 25. Qb3 Ne5 26. Be2 Rxd1+ 27. Rxd1 Nc4 28. Nb5 Qc5 29. Bxc4 Qxc4 30. Qxc4 Rxc4 31. Nd6 Rc7 32. Rd4 Bh5 33. h3 Bg6 34. Nb5 Rc2 35. Ra4 Rxb2 36. Rxa5 Be8 37. Ra8 Rxb5 38. Rxe8+ Kf7 39. Ra8 Rb6 40. Rc8 Kf6 41. Kf2 Ra6 42. Rc3 Rc6 43. Rb3 Rc7 44. Rd3 Ke7 45. Ke2 Rc2+ 46. Kf1 g5 47. Rd4 Rc3 48. Rb4 Rxa3 49. Rxb7+ Kf6 50. Kf2 Ra2+ 51. Kg3 Ra4 52. Rb5 f4+ 53. Kf3 Ra3 54. Kf2 Rxe3 55. Rb2 Kf5 56. Re2 Rxe2+ 57. Kxe2 e5 58. Kf3 e4+ 59. Kf2 g4 60. Ke2 f3+ 61. Kf2 gxh3 62. gxf3 e3+ 0-1